000
00339nam a2200133Ia 4500
008
220216s9999 xx 000 0 und d
100
_a
Long Ong Eng
245
0
_a
Integrated rubber industry will be viable in Malaysia
260
_b
Rubber Asia
_c
2000
300
_a
52-55
650
_a
Malaysia
650
_a
Rubber industry
942
_c
JS
999
_c
61475
_d
61475